đŸŽ¶Paroles "La ballade des gens heureux" GĂ©rard Lenorman - Statistiques

Statistiques générales
  • Ce quiz a Ă©tĂ© pris 214 fois
  • Le rĂ©sultat moyen est 240 sur 292
Statistiques - réponses
Mots % Correct
Je
99%
t'
99%
ballade
98%
de
98%
des
98%
gens
98%
heureux
98%
la
98%
La
98%
C'
97%
te
97%
chanter
94%
Ă 
93%
a
93%
s'
93%
viens
90%
un
89%
n'
88%
tu
88%
Tu
88%
"tu"
88%
est
87%
qu'
83%
une
82%
et
81%
peu
80%
toi
74%
Toi
74%
pas
73%
OĂč
72%
ou
72%
ce
71%
le
71%
quand
71%
as
70%
Mais
69%
que
69%
dis
68%
veux
68%
pour
66%
Dieu
65%
formidable
65%
Notre
65%
Terre
65%
titre
65%
étoile
64%
qui
64%
aussi
63%
Il
63%
il
63%
ni
63%
parles
63%
ta
63%
offre
61%
brilles
60%
peux
59%
tout
59%
vieille
56%
nous,
55%
nous
55%
ton
52%
écrire
50%
grade
50%
lui
50%
premiĂšre
50%
Dans
49%
dans
49%
du
46%
page
45%
Journaliste
43%
petit
43%
ressemble
40%
banlieue
38%
enfant,
38%
jardin
38%
arbre
37%
planté
37%
regardes
35%
vers
31%
haut
30%
mieux
30%
rigolade
30%
Comme
29%
fait
29%
verras
29%
veut
29%
vieux
28%
star
27%
Descends
26%
endort
26%
gentil
25%
Roi
24%
drague
21%
cathédrale
20%
vague
20%
flambeur
18%
Rouleur
17%
oiseau
16%
chƓur
13%
Aucun quiz correspondant
Distribution des résultats
% des personnes avec chaque résultat
Percentile par nombre de réponses
Votre historique - résultats
Vous n’avez pas pris ce quiz